| 000 | 00519nam a2200169Ia 4500 | ||
|---|---|---|---|
| 005 | 20250424120306.0 | ||
| 008 | 250424s9999 xx 000 0 und d | ||
| 022 | _a19398308 | ||
| 050 | _aZ 665.2 .J86/ | ||
| 245 | 0 | _aLibrarianship in africa: journal of library and information science | |
| 260 | _aAbuja | ||
| 260 | _bNigerian Library Association (NLA) | ||
| 260 | _c2014 | ||
| 300 | _aiv, 72p. ;26 cm. | ||
| 650 | _aLibrary science--Africa--Periodicals. Information science--Africa--Periodicals. | ||
| 942 | _cSR | ||
| 999 |
_c38480 _d38480 |
||